header

The burdens of perfection (Record no. 242539)

MARC details
000 -LEADER
fixed length control field 01622nam a2200385 a 4500
082 04 - DEWEY DECIMAL CLASSIFICATION NUMBER
Classification number 820.9/384
100 1# - MAIN ENTRY--AUTHOR NAME
Personal name Miller, Andrew H.,
245 14 - TITLE STATEMENT
Title The burdens of perfection
260 ## - PUBLICATION, DISTRIBUTION, ETC. (IMPRINT)
Place of publication Ithaca :
Name of publisher Cornell University Press,
Year of publication 2008.
300 ## - PHYSICAL DESCRIPTION
Number of Pages xiv, 260 p. :
Other physical details ill.
650 #0 - SUBJECT ADDED ENTRY--TOPICAL TERM
Topical Term English literature
Topical Term Didactic literature, English
Topical Term Perfection in literature.
Topical Term Ethics in literature.
Topical Term Literature and morals.
Topical Term Books and reading
856 40 - ELECTRONIC LOCATION AND ACCESS
Uniform Resource Identifier http://site.ebrary.com/lib/rucke/Doc?id=10468037

No items available.

© 2026 Rongo University
Contact us: librarian | system librarian | Rongo university